Statistiken für Städte in anderen Sprachen

Klicken Sie hier um das Quiz zu spielen!

Allgemein

  • Dieses Quiz wurde 115 mal gespielt
  • Das Durchschnittsergebnis liegt bei 12 aus 22

Antwortstatistiken

StadtSpracheDeutscher NameLand% Korrekt
BerurinJapanischBerlin 🇩🇪
89%
DreznoPolnischDresden 🇩🇪
81%
KeulenNiederländischKöln 🇩🇪
81%
MinheneLettischMünchen 🇩🇪
80%
AugustaItalienischAugsburg 🇩🇪
76%
TukholmaFinnischStockholm 🇸🇪
74%
BükreşTürkischBukarest 🇷🇴
73%
GotemburgoSpanischGöteborg 🇸🇪
71%
KáhiraSlowakischKairo 🇪🇬
67%
BécsUngarischWien🇦🇹
67%
KembridžasLitauischCambridge 🇬🇧
66%
SzentpétervárUngarischSt. Petersburg 🇷🇺
62%
Brimar*IsländischBremen 🇩🇪
57%
Aix-la-ChapelleFranzösischAachen 🇩🇪
54%
Béal FeirsteIrischBelfast 🇬🇧
54%
L'AiaItalienischDen Haag 🇳🇱
35%
FeneyjarIsländischVenedig 🇮🇹
35%
MagunciaSpanischMainz 🇩🇪
32%
Quília*PortugieischKiel🇩🇪
26%
CelovecSlowenischKlagenfurt🇦🇹
23%
RijselNiederländischLille 🇫🇷
18%
PlaisanceFranzösischPiacenza 🇮🇹
8%

Verteilung der Resultate

Perzentil nach korrekt beantworteten Fragen

Anzahl Personen mit jedem Resultat

Ihre Resultats-Entwicklung

Sie haben dieses Quiz noch nicht gespielt